Sports Quiz

Random Sports or Numbers Quiz
Score 0/47 Timer 10:00
0 Plays Today
Number and Sponsor Driver % Correct
#18 PedigreeKyle Busch
96.3%
#22 Shell/PennzoilKurt Busch
96.3%
#5 Carquest/GoDaddy.comMark Martin
95.9%
#24 Drive to End HungerJeff Gordon
95.9%
#14 Office Depot/Mobil 1Tony Stewart
95.8%
#7 Speed EnergyRobby Gordon
93.6%
#29 BudweiserKevin Harvick
92.9%
#48 Lowe'sJimmie Johnson
92.9%
#17 Crown RoyalMatt Kenseth
92.7%
#1 McDonald'sJamie McMurray
92.3%
#4 Red BullKasey Kahne
91.6%
#16 3MGreg Biffle
91.4%
#20 The Home DepotJoey Logano
90.9%
#11 Charter CommunicationsDenny Hamlin
90.4%
#2 Miller LiteBrad Keselowski
90.2%
#99 AflacCarl Edwards
90.2%
#31 CaterpillarJeff Burton
89.7%
#39 U.S. Amry ReserveRyan Newman
88%
#6 UPS 'We Love Logistics'David Ragan
87.7%
#27 Quaker State/MenardsPaul Menard
86.9%
#42 TargetJuan Montoya
86.8%
#33 Richard Childress RacingClint Bowyer
84.7%
#00 Aaron's Dream MachineDavid Reutimann
82.2%
#13 GEICOCasey Mears
81.8%
Number and Sponsor Driver % Correct
#9 KwiksetMarcos Ambrose
79.8%
#47 Bush's Baked BeansBobby Labonte
79.8%
#83 Red BullBrian Vickers
79%
#88 National Guard Military Intelligence / Amp EnergyDale Earnhardt Jr.
78.6%
#43 Best BuyA.J. Allmendinger
74.9%
#56 NAPA Auto PartsMartin Truex Jr.
74.4%
#78 Furniture Row Companies/Farm AmericanRegan Smith
72.2%
#34 A&W All American FoodDavid Gilliland
64.3%
#87 ATBDJoe Nemechek
58.1%
#46 Property MastersScott Speed
49.2%
#66 HP Racing LLCMichael McDowell
48.3%
#36 Collective Soul/Golden CorralDave Blaney
47.3%
#38 VamptJ.J. Yeley
44.3%
#55 Front Row MotorsportsTravis Kvapil
40.5%
#30 Inception MotorsportsDavid Stremme
37.5%
#51 Phoenix Construction/Thank A Teacher Today-Security BenefitLandon Cassill
37.3%
#32 FAS Lane RacingMike Bliss
35.2%
#71 Interstate Moving ServicesAndy Lally
34.6%
#60 Big RedMike Skinner
31.8%
#35 Luke's & AssociatesGeoffrey Bodine
26.4%
#50 Green SmokeT.J. Bell
18.8%
#95 AdvoCareDavid Starr
16.8%
#77 Speed EnergyScott Wimmer
13.5%
Come Together.
Have Fun.
All Virtual.
We all need to come together. Play Sporcle's virtual live trivia to have fun, connect with people, and get your trivia on. Join a live hosted trivia game for your favorite pub trivia experience done virtually. If a virtual private party is more your thing, go here for details.

You're not logged in!

Compare scores with friends on all Sporcle quizzes.
OR
Log In

Sporcle TV

Today on Sporcle TV


Watch our educational content, quiz creation guides, and fun videos on Sporcle TV.

Show Comments

Extras

Top Quizzes Today


Score Distribution

Paid Content

Your Account Isn't Verified!

In order to create a playlist on Sporcle, you need to verify the email address you used during registration. Go to your Sporcle Settings to finish the process.

Report this User

Report this user for behavior that violates our Community Guidelines.

Details: